Propuesta de un plan de mejoramiento en el proceso de compras de materia prima de la Mueblería Smith Vidaurre & Cia Ltda
Presenta la propuesta de un plan de mejora en el proceso de compra de materia prima en la Mueblería Smith Vidaurre & Cia Ltda. El plan se basa en mejorar la eficiencia y eficacia del departamento de compras, proporcionándole herramientas que ayuden a mejorar y controlar el proceso de compras d...
| Main Authors: | , |
|---|---|
| Other Authors: | |
| Format: | Tesis Section = Libro |
| Language: | Undetermined Spanish |
| Published: |
Managua
UNI
2011
|
| Subjects: |
| LEADER | 01203nam a2200265Ia 4500 | ||
|---|---|---|---|
| 008 | 240830s9999 xx 000 0 und d | ||
| 040 | |a BIBLIOTECA-RUPAP T.Mon 658.4012 M722 | ||
| 041 | |a spa | ||
| 082 | |a T.Mon 658.4012 M722 | ||
| 100 | 1 | |a Molina Reyes, Félix Pedro | |
| 100 | 1 | |b Leiva Fonseca, Yader Lenin | |
| 245 | 1 | 0 | |a Propuesta de un plan de mejoramiento en el proceso de compras de materia prima de la Mueblería Smith Vidaurre & Cia Ltda |
| 260 | |a Managua |b UNI |c 2011 | ||
| 300 | |a 80 p. :il. | ||
| 500 | |a Contiene: anexos e Incluye: CD. | ||
| 502 | |a Tesis (Ingeniero de Sistemas)- UNI, 2011. | ||
| 520 | 3 | |a Presenta la propuesta de un plan de mejora en el proceso de compra de materia prima en la Mueblería Smith Vidaurre & Cia Ltda. El plan se basa en mejorar la eficiencia y eficacia del departamento de compras, proporcionándole herramientas que ayuden a mejorar y controlar el proceso de compras de materia prima de la empresa. | |
| 650 | 7 | |a ORGANIZACIÓN INTERNA | |
| 650 | 7 | |b ESTUCTURA ORGANIZACIONAL | |
| 650 | 7 | |c ANALISIS FODA | |
| 650 | 7 | |d PROPUESTA ORGANIZACIONAL | |
| 700 | 1 | |a Tutor: |b García Guevara, Roger Alberto | |
| 942 | |c BK |2 ddc | ||
| 991 | |a TESIS | ||
| 999 | |c 18585 | ||